NAJPOPULARNIEJSZE FILMY W POLSCE - Statystyki

Ogólne statystyki
  • Ten quiz został rozwiązany 498 razy
  • Średni wynik to 3 z 15
Statystyki odpowiedzi
Ilość ocen Tytuł % Poprawnych
748 099 Titanic
61%
755 123 Avatar
43%
954 750 Zielona mila
40%
864 044 Skazani na shawshank
36%
940 377 Forrest Gump
31%
692 017 Władca pierścieni
27%
796 956 Shrek
18%
635 780 Seksmisja
14%
732 936 Gladiator
10%
793 442 Matrix
10%
706 031 Piraci z Karaibów
10%
647 978 Milczenie owiec
8%
803 017 Leon zawodowiec
7%
702 758 Kac Vegas
5%
648 406 Requiem dla snu
1%
Nie znaleziono quizów pasujących do podanych kryteriów
Rozkład punktacji
Procent ludzi z każdym wynikiem
Percentyl według liczby udzielonych odpowiedzi
Twoja historia wyników
Nie rozwiązałeś tego quizu